Pandémia ochorenia Covid-19 ako zdroj rizikovosti a operačného rizika v zahraničnoobchodnej firme bakalárska práca

Na minha lista:
Detalhes bibliográficos
Autor principal: Hájovský, Samuel
Autor Corporativo: Obchodná fakulta EU. Katedra medzinárodného obchodu
Outros Autores: Steinhauser, Dušan, 1988-
Formato: Livro
Idioma:eslovaco
Publicado em: Bratislava 2022
Tags: Adicionar Tag
Sem tags, seja o primeiro a adicionar uma tag!

MARC

LEADER 00000nbm a2200000 4500
001 0285912
005 20221201125900.6
041 0 |a slo 
044 |a SK 
245 1 0 |a Pandémia ochorenia Covid-19 ako zdroj rizikovosti a operačného rizika v zahraničnoobchodnej firme  |b bakalárska práca  |c Samuel Hájovský ; školiteľ: Dušan Steinhauser 
264 1 |a Bratislava  |c 2022 
300 |a 52 s. 
100 1 |a Hájovský, Samuel 
700 1 |a Steinhauser, Dušan, 1988- 
710 2 |a Obchodná fakulta EU. Katedra medzinárodného obchodu